000 00860cam a22002891 4500
001 13101
003 BD-RjUL
005 20211208235415.0
008 140130s19511940paua 001 0 eng
035 _a(BD-RjUL)13151
035 _a(OCoLC)883733
040 _aDLC
_cPPD
_dOCoLC
_dDLC
_beng
041 _aeng
082 _a621.31332
_bTAA 1951
100 1 _aTang, K. Y.
_q(Kwan Yau),
_d1900-
_940813
245 1 0 _aAlternating-current circuits /
_cK. Y. Tang
250 _a2d ed.
260 _aScranton :
_bInternational Textbook Co,
_c1951
300 _axiii, 603 p. :
_bdiagrs. ;
_c24 cm.
490 0 _aInternational textbooks in electrical engineering
504 _aIncludes index
650 0 _aElectric currents, Alternating.
_927773
650 0 _aElectric circuits.
_940814
942 _2ddc
_cBK
999 _c13101
_d13101